000 00695nam a22002057a 4500
005 20180601161605.0
010 _aB-694052
020 _a9789382618348
_c450.00
035 _aB-694052
037 _bRK Books
082 _aN
100 _aAmish
245 _aThe Oath of the Vayuputras /
_cby Amish
260 _aChennai
_bWestland
_c2013
270 _a61, Silverline Building, 2nd floor, Alapakkam Main Road, Mauravoyal
_bChennai
_e600095
300 _a575p.
_c18cm(pbk
490 _aShiva Trilogy 3
942 _2ddc
_cEN
_hN
_mAMI
999 _c152354
_d152354